MARC

LEADER 00000nam0a2200000 4500
001 285899
005 20231101235835.0
020 |a RU  |b 85-32132 
035 |a (RuTPU)RU\TPU\book\310186 
090 |a 285899 
100 |a 20150302d1985 k y0rusy5003 ca 
101 0 |a rus 
102 |a RU 
105 |a y z 001zy 
200 1 |a Численные методы в сингулярных интегральных уравнениях и их применение в аэродинамике, теории упругости, электродинамике  |f С. М. Белоцерковский, И. К. Лифанов 
210 |a Москва  |c Наука  |d 1985 
215 |a 255 с. 
320 |a Библиогр.: с. 249-253 
606 |a Численные методы  |2 stltpush  |3 (RuTPU)RU\TPU\subj\18757  |9 44131 
610 1 |a сингулярные интегралы 
610 1 |a квадратурные формулы 
610 1 |a формула Пуанкаре-Бертрана 
610 1 |a решение 
610 1 |a метод дискретных вихрей 
610 1 |a плоские задачи 
610 1 |a пространственные задачи 
610 1 |a теория упругости 
610 1 |a электродинамика 
610 1 |a математическая физика 
675 |a 519.6  |v 3 
700 1 |a Белоцерковский  |b С. М.  |g Сергей Михайлович 
701 1 |a Лифанов  |b И. К.  |g Иван Кузьмич 
801 0 |a RU  |b RuMRKP  |c 19950704  |g psbo 
801 1 |a RU  |b 63413507  |c 20150302 
801 2 |a RU  |b 63413507  |c 20171225  |g RCR 
942 |c BK